[Event "Lovsprings op 06th E"]
[Site "Ringsted"]
[Date "1994.05.08"]
[Round "6"]
[White "Steffensen, Ole"]
[Black "Brons, Brian"]
[Result "1-0"]
[WhiteElo "1300"]
[BlackElo "1284"]
[PlyCount "101"]
[EventDate "1994.03.27"]
[EventType "swiss"]
[EventRounds "7"]
[EventCountry "DEN"]
[SourceTitle "EXT 2023"]
[Source "ChessBase"]
[SourceDate "2022.10.05"]
[SourceVersion "1"]
[SourceVersionDate "2022.10.05"]
[SourceQuality "1"]

1. Nf3 Nf6 2. d3 d5 3. e3 Bg4 4. Be2 e6 5. 0-0 Bxf3 6. Bxf3 Be7 7. Qe2 0-0 8. Rd1 c5 9. e4 Nc6 10. c3 Qc7 11. Bg5 Rad8 12. Bh4 d4 13. Bg3 e5 14. c4 Bd6 15. Na3 a6 16. Qd2 h6 17. Be2 Rfe8 18. Bh4 Be7 19. Bg3 Bd6 20. f3 Nh5 21. Kf2 Nxg3 22. hxg3 Re6 23. Rh1 Bf8 24. Rh4 Qe7 25. Nc2 Rdd6 26. Rah1 Rg6 27. R4h3 Rde6 28. Rh5 Qd8 29. f4 exf4 30. gxf4 Re8 31. g3 Qc7 32. Rf5 Ree6 33. Bf3 Rgf6 34. Rxf6 Rxf6 35. Re1 Rg6 36. e5 Qc8 37. Qe2 Qh3 38. Rg1 Qd7 39. Bh5 Qe7 40. Bxg6 fxg6 41. a3 g5 42. Qf3 g6 43. Qe4 Kg7 44. Ne1 Qe6 45. Nf3 g4 46. Nd2 Be7 47. Qd5 Qf5 48. Ne4 g5 49. Nd6 Qxd3 50. Qf7+ Kh8 51. Nf5 1-0